| 000 | 01605cam a22004214a 4500 | ||
|---|---|---|---|
| 999 |
_c174441 _d174441 |
||
| 001 | 13432919 | ||
| 003 | Nust | ||
| 005 | 20180730073642.0 | ||
| 008 | 031212s2003 nyu 000 0deng | ||
| 010 | _a 2003070375 | ||
| 020 |
_a0743483774 _cRs. 416 |
||
| 038 | _aArshad | ||
| 040 |
_aDLC _cDLC _dDLC |
||
| 042 | _apcc | ||
| 043 |
_aa-iq--- _ae-uk--- _an-us--- |
||
| 050 | 0 | 0 |
_aJN1129.L32 _bC64 2003 |
| 082 | 0 | 0 |
_a941.086 _bCOO |
| 100 | 1 |
_aCook, Robin F. _912084 |
|
| 245 | 1 | 4 |
_aThe point of departure / _cRobin Cook. |
| 260 |
_aNew York, NY : _bSimon & Schuster, _c2003. |
||
| 300 |
_a399 p. ; _c25 cm. |
||
| 600 | 1 | 0 |
_aCook, Robin F. _912084 |
| 610 | 2 | 0 |
_aLabour Party (Great Britain) _912085 |
| 610 | 1 | 0 |
_aGreat Britain. _bParliament. _bHouse of Commons. _912086 |
| 650 | 0 |
_aIraq War, 2003-2011. _912087 |
|
| 650 | 0 |
_aLegislators _zGreat Britain. _912088 |
|
| 651 | 0 |
_aGreat Britain _xPolitics and government _y1997- _912089 |
|
| 651 | 0 |
_aGreat Britain _xRelations _zUnited States. _912090 |
|
| 651 | 0 |
_aUnited States _xRelations _zGreat Britain. _912091 |
|
| 651 | 0 |
_aGreat Britain _xRelations _zIraq. _912092 |
|
| 651 | 0 |
_aIraq _xRelations _zGreat Britain. _912093 |
|
| 856 | 4 | 2 |
_3Contributor biographical information _uhttp://www.loc.gov/catdir/bios/simon053/2003070375.html |
| 856 | 4 | 2 |
_3Publisher description _uhttp://www.loc.gov/catdir/description/simon052/2003070375.html |
| 906 |
_a7 _bcbc _corignew _d1 _eocip _f20 _gy-gencatlg |
||
| 942 |
_2ddc _cBK |
||